Normal view
MARC view
- Craig, Roy R.,
Entry Personal Name
001 - CONTROL NUMBER
- control field: 24557
003 - CONTROL NUMBER IDENTIFIER
- control field: NUST
005 - DATE AND TIME OF LATEST TRANSACTION
- control field: 20191022182826.0
008 - FIXED-LENGTH DATA ELEMENTS
- fixed length control field: 191022|| aca||aabn | a|a d
040 ## - CATALOGING SOURCE
- Original cataloging agency: NUST
- Transcribing agency: NUST
100 ## - HEADING--PERSONAL NAME
- Personal name: Craig, Roy R.,
- Dates associated with a name: 1934-
- Title of a work: Structural dynamics.
670 ## - SOURCE DATA FOUND
- Source citation: Work cat.: (NUST)0: Craig, Roy R., 1934- 24553, Fundamentals of structural dynamics /, c2006.
